Ο κοινωνικός αποκλεισμός στην ελληνική εκπαίδευση : η περίπτωση των μαθητών με δυσλεξία : διπλωματική εργασία [μεταπτυχιακή]

Αποθηκεύτηκε σε:
Λεπτομέρειες βιβλιογραφικής εγγραφής
Κύριος συγγραφέας: Μαλκογιώργου, Λεμονιά-Ελένη
Συγγραφή απο Οργανισμό/Αρχή: Πανεπιστήμιο Αιγαίου Σχολή Κοινωνικών Επιστημών Τμήμα Κοινωνιολογίας Μεταπτυχιακό Πρόγραμμα Σπουδών Έρευνα για την Τοπική Κοινωνική Ανάπτυξη και Συνοχή
Άλλοι συγγραφείς: Γιαβρίμης, Παναγιώτης (Εισηγητής διατριβής)
Μορφή: Thesis Βιβλίο
Γλώσσα:Greek
Δημοσίευση: 2012.
Θέματα:
Διαθέσιμο Online:http://hdl.handle.net/11610/11890
Ετικέτες: Προσθήκη ετικέτας
Δεν υπάρχουν, Καταχωρήστε ετικέτα πρώτοι!

MARC

LEADER 00000cam a2200000 i 4500
001 1/35167
008 130822s2012 gre d
035 |l 10115411 
040 |a GR-MY-UA  |b gre  |e aacr 
041 0 |a gre 
082 0 |a 371.9144  |2 (23) 
100 1 |a Μαλκογιώργου, Λεμονιά-Ελένη. 
245 1 2 |a Ο κοινωνικός αποκλεισμός στην ελληνική εκπαίδευση :  |b η περίπτωση των μαθητών με δυσλεξία : διπλωματική εργασία [μεταπτυχιακή] /  |c Μαλκογιώργου Λεμονιά-Ελένη ; επιβλέπων καθηγητής: Γιαβρίμης Παναγιώτης 
260 |c 2012.  
300 |a 169 σ. :   |b πιν. ;   |c 30 εκ. 
500 |a Βιβλιογραφία: σ. 141-150, παράρτημα 
500 |a Μέλη επιτροπής: Γεωργούλας Στράτος, Παπάνης Ευστράτιος 
502 |a Διατριβή (μεταπτυχιακή) – Πανεπιστήμιο Αιγαίου, Λέσβος, 2012. 
650 0 0 |a Dyslexia  |x Social aspects. 
650 0 0 |a Dyslexic children  |x Education. 
650 0 0 |a Learning disabilities  |x Physiological aspects. 
650 0 0 |a School children  |x Attitudes  |x Case studies. 
650 0 0 |a Dissertations, Academic  |z Greece. 
700 1 |4 ths  |a Γιαβρίμης, Παναγιώτης,  |e dgs 
710 2 |a Πανεπιστήμιο Αιγαίου  |b Σχολή Κοινωνικών Επιστημών  |b Τμήμα Κοινωνιολογίας  |b Μεταπτυχιακό Πρόγραμμα Σπουδών Έρευνα για την Τοπική Κοινωνική Ανάπτυξη και Συνοχή. 
852 |a INST  |b LESVOS  |c DIATR  |e 20130822  |h 187  |p 005100053035  |q 005100053035  |t MTXE  |y 23 
852 |a INST  |b LESVOS  |c DIATR  |e 20130822  |h 188  |p 005100053034  |q 005100053034  |t MTXE  |y 23 
856 |u http://hdl.handle.net/11610/11890 
901 |a BIBL1-2013-2 
909 |a Λ  |b 181991 
909 |a Λ  |b 181992 
924 |a ΜΑΛΚΟΓΙΩΡΓΟΥ  |b ΛΕΜΟΝΙΑ-ΕΛΕΝΗ  |y ΛΕΣΒΟΣ  |z 2012-06 
970 |a ΤΖΑΦΕΡΗ  |b ΕΥΑΓΓΕΛΙΑ  |z 2013/08/24